000 00243nam a2200097Ia 4500
008 240331s9999 xx 000 0 und d
082 _bCEN
100 _aCenwor. ed
245 0 _aSixth national convention on women's studies :
_bgender
942 _cL
999 _c5523
_d5523